[Event "Ciocaltea Memorial"]
[Site "Bucharest"]
[Date "1997.??.??"]
[Round "5"]
[White "Solak, Dragan"]
[Black "Moldovan, Daniel"]
[Result "1/2-1/2"]
[WhiteElo "2355"]
[BlackElo "2435"]
[Annotator "Tsesarsky,I"]
[PlyCount "42"]
[EventDate "1997.03.??"]
[EventType "tourn"]
[EventRounds "13"]
[EventCountry "ROU"]
[EventCategory "10"]
[SourceTitle "CBM 060"]
[Source "ChessBase"]
[SourceDate "1997.09.29"]
[SourceVersion "1"]
[SourceVersionDate "1997.09.29"]
[SourceQuality "1"]

1. e4 c5 2. Nf3 Nc6 3. d4 cxd4 4. Nxd4 g6 5. c4 Bg7 6. Be3 Nf6 7. Nc3 O-O 8.
Be2 b6 9. O-O Bb7 10. f3 Qb8 11. Qd2 Rd8 12. Rfd1 (12. Ndb5 d6 13. Nd5 Rd7 14.
Bg5 Ne8 15. f4 e6 16. Ne3 a6 17. Nc3 h6 18. Bh4 Nd4 19. Bd3 Bc6 20. f5 g5 21.
Ng4 $1 Qd8 (21... gxh4 22. f6 $1 $40) 22. f6 Nxf6 23. Nxh6+ Bxh6 24. Bxg5 Nxe4
25. Nxe4 Bxg5 26. Nxg5 f5 27. Rae1 $6 (27. Nxe6 Nxe6 28. Bxf5 Re7 29. Rad1 $44
(29. Qh6 Nd4)) 27... Rg7 28. Nxe6 Nxe6 29. Rxe6 Bxg2 30. Qxg2 Raa7 31. Bxf5
Rxg2+ 32. Kxg2 Re7 $15 {0-1 Psakhis,L-Georgiev,V/Benasque op 1996 (55)}) (12.
Rad1 d6 13. Qe1 Rd7 14. Qh4 Qf8 15. Kh1 Rad8 16. Rd2 Nxd4 17. Bxd4 Ne8 18. Bxg7
Nxg7 19. f4 f5 20. Bf3 e5 21. Rdf2 Rf7 22. fxe5 dxe5 23. exf5 Nxf5 24. Qg5 Bxf3
25. Rxf3 Rd4 26. Nd5 e4 27. Rf4 e3 28. Rxd4 e2 $17 {1/2-1/2 Kramnik,V-Moldovan,
D/Arnhem Ech-jr 1991 (44)}) 12... d6 (12... e6 13. Bf4 Ne5 14. Qe3 Nxc4 15.
Bxc4 e5 16. Bg3 exd4 17. Rxd4 d6 18. Rad1 $16 {1/2-1/2 Undrahbuyan,B-Canela,T/
Novi Sad olw MON-ESP 1990 (64)}) (12... Nh5 13. Bf1 h6 14. Rac1 Kh7 15. Qf2 g5
16. g3 e6 17. Nxc6 Bxc6 18. Nb5 d6 19. b4 Nf6 20. a4 $14 {Gunnarsson Jon
Viktor-Jonasson Benedikt/Ch Iceland Gardabaer (Iceland) 1996/0-1 (58)}) 13. Qe1
(13. Bf1 Rd7 14. Rac1 Qf8 15. g3 $5 (15. Nxc6 Bxc6 16. Nd5 Ne8 17. b4 Rad8 18.
b5 Ba8 19. a4 e6 20. Nb4 Be5 21. Nd3 Bg7 22. a5 bxa5 23. Qxa5 Qe7 24. Qd2 Rc8
25. Nc5 Rdd8 26. Nb3 Nc7 27. Rb1 d5 28. exd5 exd5 29. Bg5 Bf6 30. Bxf6 Qxf6 31.
c5 $14 {1/2-1/2 Belle,E-Berendsen,R/Dutch Open, Dieren NED 1997 (40)}) 15... e6
16. Bg2 Rad8 17. b3 $2 (17. Nxc6 {Tsesarsky} Bxc6 18. Bd4 $14) 17... d5 $1 $17
18. cxd5 exd5 19. Nxc6 Bxc6 20. e5 $2 (20. Qf2 d4 21. Rxd4 Ng4 22. fxg4 (22.
Rxd7 Nxf2 23. Rxd8 Qxd8 24. Kxf2 Bxc3 25. Rxc3 Bxe4 $1 $17) 22... Bxd4 23. Bxd4
Rxd4 24. Nd5 Bxd5 25. Qxd4 Bxb3 $17) 20... d4 $1 $19 21. exf6 dxc3 22. fxg7 Qe8
23. Qxc3 Rxd1+ 24. Rxd1 Rxd1+ 25. Kf2 Bb5 $19 {0-1 Dorosenko,M-Moldovan,D/
Tusnad,CREM,IV.6 1993 (43)}) (13. Rac1 e6 (13... Rd7 14. Nc2 Qf8 15. b3 Rad8
16. f4 e6 17. Bf3 Qe7 18. Qe1 Ne8 19. Rd3 Nc7 20. Rcd1 Na6 21. Nd4 Nc5 22. R3d2
a5 23. Qe2 Nb4 24. Ndb5 Nc6 25. Na4 Nxa4 26. bxa4 $16 {1-0 Tondivar,B-Kahyai,K/
Teheran op 1991 (44)}) 14. Nxc6 Bxc6 15. Bd4 Rd7 16. Qg5 h6 17. Qh4 Nh7 18.
Bxg7 Kxg7 19. Rd2 Qf8 20. Rcd1 Rad8 21. f4 $14 {1/2-1/2 Godoy,C-Rodriguez,A/
Buenos Aires op 1995 (46)}) (13. Nb3 Rd7 (13... e6 14. a4 Na5 15. Nxa5 bxa5 16.
Nb5 d5 17. cxd5 a6 18. Nc3 exd5 19. Bf4 Qa7+ 20. Be3 Qb8 21. Bf4 Qa7+ 22. Be3 {
1/2-1/2 Moldovan,D-Milu,R/Bucuresti 1991}) 14. a4 Qd8 15. a5 bxa5 16. Nb5 Ba6
17. Nxa5 Bxb5 18. cxb5 Nxa5 19. Qxa5 Qxa5 20. Rxa5 $16 {1-0 Arakhamia,K-Canela,
T/Novi Sad olw URS-ESP 1990 (23)}) (13. Nd5 Rd7 14. Rac1 Qf8 (14... e6 15.
Nxf6+ Bxf6 16. b4 Qf8 17. Nxc6 Bxc6 18. b5 Bb7 19. a4 d5 20. exd5 Rad8 21. a5
exd5 22. c5 $14 {Hansen,C-Bellon Lopez,J/Malmo 1996/1-0 (57)}) 15. Nxc6 Bxc6
16. Bg5 Ne8 17. b3 h6 18. Be3 Rad8 19. a4 e6 20. Nf4 Rb8 21. Qc2 $14 {1/2-1/2
Anic,D-Bricard,E/Cannes op 1995}) (13. Nxc6 Bxc6 14. Nd5 Rd7 15. Rac1 e6 16.
Nxf6+ Bxf6 17. Bf4 Be5 18. Bxe5 dxe5 19. Qc3 $14 {1/2-1/2 Herrera,I-Georgiev,V/
32nd ol, Yerevan ARM 1996 (40)}) 13... Rd7 14. Qh4 (14. Rab1 Qf8 15. Kh1 Rad8
16. Ncb5 Nxd4 17. Nxd4 Nh5 18. Bf1 e6 19. Rd2 d5 $15 {Nielsen,P-Moldovan,D/
Mamaia Wch-jr 1991/0-1 (50)}) 14... Qf8 15. Ndb5 (15. Rac1 Rc8 16. Ndb5 Rdd8
17. Bf1 Nd7 18. Rc2 Nc5 19. Nd5 Rd7 20. b4 Ne6 21. f4 Ned8 22. f5 f6 23. Qh3
Qe8 24. fxg6 hxg6 25. c5 $132 {1-0 Hjartarson Johann-Jonasson Benedikt/Ch
Iceland Gardabaer (Iceland) 1996 (38)}) 15... Ne8 16. Rd2 $146 (16. Rac1 Bf6
17. Qf2 e6 18. f4 Rad8 19. Rd2 Nc7 20. Rcd1 Nxb5 21. Nxb5 Qe7 22. Bf3 Bg7 23.
Qe2 $14 {1-0 Brodsky,M-Moldovan,D/Bucharest Ciocaltea 1994 (32)}) 16... Nc7 (
16... Rc8 17. Rad1 Nc7 18. Nd4 $14) 17. Rad1 Nxb5 18. Nxb5 Rc8 19. b3 Ba6 20.
Nd4 Nxd4 21. Bxd4 Bxd4+ (21... Bxd4+ 22. Rxd4 $14) 1/2-1/2

[Event "Linares Anibal op 04th"]
[Site "Linares"]
[Date "1997.??.??"]
[Round "5"]
[White "Bagirov, Vladimir"]
[Black "Maharramzade, Javad"]
[Result "1/2-1/2"]
[WhiteElo "2505"]
[BlackElo "2430"]
[Annotator "Tsesarsky,I"]
[PlyCount "51"]
[EventDate "1997.02.??"]
[EventType "swiss"]
[EventRounds "10"]
[EventCountry "ESP"]
[SourceTitle "CBM 058"]
[Source "ChessBase"]
[SourceDate "1997.06.01"]
[SourceVersion "1"]
[SourceVersionDate "1997.06.01"]
[SourceQuality "1"]

1. Nf3 Nf6 2. c4 c5 3. Nc3 g6 4. d4 cxd4 5. Nxd4 Nc6 6. e4 d6 7. Be2 Bg7 8. Be3
O-O 9. O-O Bd7 10. Qd2 Ng4 11. Bxg4 Bxg4 12. f4 Bd7 (12... Be6 13. b3 Qa5 14.
f5 Bd7 15. Rac1 Rfe8 16. Qf2 Nxd4 17. Bxd4 Bxd4 18. Qxd4 Bc6 19. Kh1 Rac8 20.
Rf3 Qc5 21. Qd2 Qe5 22. Rcf1 Qg7 23. Qf2 b6 24. Nd5 Bxd5 25. exd5 Rf8 26. f6
exf6 27. Rxf6 $16 {1-0 Mestel,A-Ansell,S/Hastings Challengers 1991 (35)}) (
12... Nxd4 13. Bxd4 e5 14. Be3 exf4 (14... Be6 15. b3 exf4 16. Bxf4 Qa5 17.
Rac1 Rad8 18. Rfd1 Qh5 19. Ne2 Bg4 20. Ng3 Qc5+ 21. Be3 Bxd1 22. Bxc5 dxc5 23.
Qe1 $16 {1/2-1/2 Marosi,G-Boronyak,A/HUN-chT1 1994 (52)}) 15. Rxf4 Be6 16. b3
Be5 17. Rf2 Qh4 18. Bf4 $11 {1-0 Nordstrom,F-Solbrand,A/Rilton Cup 1995 (55)})
13. Rac1 (13. Rad1 Qc8 $6 14. Nd5 (14. Rc1 Nxd4 15. Bxd4 Qxc4 16. Bxg7 Kxg7 $15
) 14... Qd8 15. b3 e6 16. Nc3 Qa5 17. f5 (17. Nce2 Qxd2 18. Rxd2 $14 {[%csl
Rd6]}) 17... Nxd4 18. Bxd4 exf5 19. Bxg7 Kxg7 20. Qd4+ f6 21. Rd3 Bc6 22. exf5
Qc5 23. Qf2 gxf5 (23... Rae8 $14) 24. Rfd1 Qxf2+ 25. Kxf2 Rad8 26. c5 d5 27. b4
a6 28. a4 d4 29. Rxd4 Rxd4 30. Rxd4 $16 {1-0 O'Donnell,R-Forte,J/USA-op
Dearborn 1992 (38)}) (13. b3 Qa5 14. Rac1 Rfe8 15. Kh1 Rad8 16. Rfd1 Nxd4 17.
Bxd4 Bc6 18. f5 $5 $132 {1/2-1/2 Klostermann,M-Nimtz,M/BL2-N 1990 (43)} (18.
Bxg7 $14)) 13... a6 14. f5 (14. b3) 14... Qa5 15. Nb3 Qb4 16. Qe2 (16. c5 $5
Rad8 $2 (16... Bxc3 $1 17. Qxc3 (17. bxc3 Qxe4 18. Rce1 Bxf5 19. Bh6 Qd3 20.
Bxf8 Rxf8 21. Qxd3 Bxd3 22. Rf3 Bc4 23. cxd6 exd6 $11) 17... Qxc3 (17... Qxe4
18. cxd6 exd6 (18... Bxf5 19. Bh6 e5 20. Rce1 Qd3 21. Bxf8 Qxc3 22. bxc3 Kxf8
23. Nc5 b6 24. Rxf5 gxf5 25. Nd7+ Kg7 (25... Ke8 26. Nxe5 (26. Nxb6 Rb8 27. Nc4
Rb5 $15) 26... Nxe5 27. Rxe5+ Kd7 28. Rxf5 Ke6 29. Rh5 Rd8 30. Rh6+ f6 31. Rxh7
Rxd6 $14) 26. Nxb6 Rb8 27. Nd5 $14)) 18. Rxc3 gxf5 19. cxd6 exd6 20. exf5 $14)
17. cxd6 Qxd6 18. Qxd6 exd6 19. f6 Bh8 20. Bb6 $16 {[%csl Rh8]}) 16... Bxc3 17.
Rxc3 (17. bxc3 Qa4 (17... Qa3 18. Rcd1 Ne5 19. Bd4 f6 20. Bxe5 fxe5 21. fxg6
hxg6 22. c5 Rac8 23. Qd2 Bg4 24. Rde1 Be6 25. Qg5 Bf7 26. Rxf7 Kxf7 (26... Rxf7
27. Qxg6+ Kf8 28. Qh5 Rf6 29. cxd6 $18 (29. Qh8+ $2 Kf7 30. Qxc8 Qxa2 $11)) 27.
Rf1+ Ke8 (27... Kg7 28. Qxe7+ Kg8 29. Rf6 (29. Qe6+ Kg7) 29... Rxf6 $8 30. Qxf6
Rc6 (30... Qxa2 31. Qxg6+ Kf8 32. Qf6+ Kg8 33. Qe6+ Kg7 34. Qxc8 Qb1+ 35. Kf2
Qxb3 36. Qc7+ Kg8 37. Qxd6 Qb2+ 38. Kg3 Qxc3+ 39. Kg4 Qb2 40. Kf5 $18) 31.
Qxg6+ Kf8 32. Qf6+ Kg8 33. Qd8+ Kf7 34. Qd7+ Kf6 35. Qxb7 Qxa2 36. Qxc6 Qb1+
37. Kf2 Qc2+ 38. Kf3 Qd3+ 39. Kg4 Qe2+ 40. Kh4 Qf2+ 41. Kh5 Qe2+ 42. Kh6 Qe3+
43. Kh7 $18)) 18. Bh6 Rfd8 19. c5 Ne5 20. c4 (20. cxd6 Bb5 21. c4 Bxc4 22. Rxc4
Qxc4 23. Qxc4 Nxc4 24. dxe7 Rd7 25. f6 b6 26. e5 Re8 27. e6 Rd6 28. Rf4 Rd1+ (
28... b5 29. Nc5 Nd2 30. Kf2 Rc6 31. exf7+ Kxf7 32. Nb7 $18) 29. Kf2 Ne5 30.
Nd4 (30. Re4 Rd5 31. Nd4 Nd3+ 32. Kf3 (32. Ke3 Nc5 $17) 32... Nc5 33. Rf4 Rd6
34. g4 Nxe6 35. Nxe6 Rxe6 36. g5 Rd6 37. h4 (37. Ke3 b5 38. Rd4 Rxd4 39. Kxd4
a5 40. Kc5 b4 41. Kb5 (41. Kc6 a4 42. Kd7 Ra8 43. e8=Q+ Rxe8 44. Kxe8 b3 $19)
41... Ra8 42. h4 Kh8 $8 43. Bg7+ Kg8 44. Ka4 h5 45. gxh6 Kh7 46. Kb5 Kg8 47.
Ka4 $11 (47. Kc5 Kh7 48. Bf8 Kg8 49. Bg7 Rb8 50. Kc6 a4 51. Kc7 Ra8 52. Kd7 b3
$19)) 37... Rd3+ 38. Kg4 Rd2 39. a4 Rd6 40. Rc4 Rd3 41. Kf4 Rd5 42. Ke4 Rd1 43.
Ke5 b5 44. axb5 axb5 45. Rb4 Rb8 46. Bg7 Re1+ 47. Kd6 Rb7 48. Bh6 Re6+ 49. Kc5
Rc7+ (49... Rb8 50. Rd4 Rc8+ 51. Kxb5 Rb8+ 52. Kc4 Rc6+ 53. Kd3 Rcc8 $11) 50.
Kxb5 Rb7+ 51. Ka4 Rxb4+ 52. Kxb4 Re1 $11) 30... Nd3+ 31. Ke2 Nxf4+ 32. Kxd1
Nxe6 33. Nxe6 fxe6 34. g4 Kf7 $19) 20... Qb4 21. Qb2 $5 Rac8 (21... Bc6 22. a3
Qa4 23. cxd6 exd6 24. fxg6 hxg6 25. Rf6 Kh7 26. Bf4 Re8 27. Bxe5 dxe5 28. Nc5
Qa5 29. Nxb7 Qc7 30. Nd6 Re7 31. Rcf1 $18) 22. fxg6 (22. a3 Qa4 23. cxd6 exd6
24. Nd2 (24. c5 Qxe4) (24. fxg6 hxg6 25. c5 Qxe4 26. Rce1 Qh4 27. cxd6 Nf3+ $1
28. gxf3 Qxh6 29. Qf6 Qg7 $15) 24... Qc6 25. c5 Re8 26. fxg6 hxg6 27. Be3 $132)
22... hxg6 23. cxd6 Qxd6 24. Rcd1 (24. c5 Qb8 25. Qc3 $1 (25. Bf4 Nd3 $1) 25...
f6 26. Bf4 Bb5 27. Rfd1 $16) 24... Qb8 25. Rd5 f6 26. Nc5 Bc6 $11) 17... Ne5
18. a3 (18. Nd4 Rfc8) 18... Qa4 19. Nd4 $6 (19. Nd2 Rac8 20. Bf4 $14) 19...
Rfc8 20. Rfc1 (20. Bc1 b5 $1 21. fxg6 hxg6 22. b3 Qa5 $15) 20... Qa5 21. b4 Qd8
22. h3 (22. c5 $5 dxc5 23. Rxc5 Rxc5 24. Rxc5 Nc6 $11) 22... Qe8 23. Nf3 Rc7
24. Nxe5 dxe5 25. Qf3 Ba4 26. Bb6 (26. Bb6 Rd7 27. Rd3 Rxd3 28. Qxd3 Rc8 $11)
1/2-1/2

[Event "EU-Cup 13th Group7"]
[Site "Krynica"]
[Date "1997.09.16"]
[Round "2"]
[White "Wojtkiewicz, Aleksander"]
[Black "Jirovsky, Milos"]
[Result "1-0"]
[WhiteElo "2575"]
[BlackElo "2480"]
[Annotator "Tsesarsky,I"]
[PlyCount "141"]
[EventDate "1997.09.15"]
[EventType "team-k.o."]
[EventRounds "3"]
[EventCountry "POL"]
[SourceTitle "EXT 2020"]
[Source "ChessBase"]
[SourceDate "2019.10.17"]
[SourceVersion "1"]
[SourceVersionDate "2019.10.17"]
[SourceQuality "1"]
[WhiteTeam "Warszawa Polonia"]
[BlackTeam "Prague SK Dum armady "]
[WhiteTeamCountry "POL"]
[BlackTeamCountry "CZE"]

1. Nf3 c5 2. c4 g6 3. e4 Bg7 4. d4 cxd4 5. Nxd4 Nc6 6. Be3 Nf6 7. Nc3 O-O 8.
Be2 d6 9. O-O Bd7 10. Qd2 (10. Rc1 Nxd4 11. Bxd4 Bc6 12. Qd3 Nd7 13. Bxg7 Kxg7
14. b4 a5 15. Qd4+ e5 16. Qxd6 axb4 17. Qxb4 $16 {1-0 Tsesarsky-Peretz Malkiel/
Israel 1993 (32)}) 10... Nxd4 (10... a6 11. f3 Rc8 12. Rfd1 $6 (12. Rac1) 12...
Nxd4 13. Bxd4 Be6 14. b3 Nd7 15. Be3 $6 (15. Bxg7 Kxg7 16. Rac1 Qa5 $132) 15...
b5 $1 16. Rac1 bxc4 17. bxc4 (17. b4 f5 $17) 17... Bxc4 18. Nd5 Bxd5 (18...
Bxe2 19. Rxc8 Qxc8 20. Nxe7+ $18) 19. Qxd5 $44 Rxc1 20. Rxc1 Nc5 21. e5 Ne6 (
21... Qa8 22. Qxa8 Rxa8 23. Bxc5 dxc5 24. Rxc5 $14) 22. exd6 Qxd6 23. Qxd6 exd6
24. Bxa6 $14 {1-0 Tsesarsky-Protasevich/Arzit League 1996 (44)}) 11. Bxd4 Bc6 (
11... a5 12. f4 Bc6 13. Bf3 a4 14. Rad1 Qa5 15. e5 (15. Nd5 Nxd5 16. cxd5 Bxd4+
17. Qxd4 Bb5 $11) 15... dxe5 16. fxe5 Nd7 17. Bxc6 bxc6 18. e6 $132 {1/2-1/2
Tsesarsky-Afek/T-A 1991 (67)}) 12. f3 Nd7 (12... a5 13. b3 Nd7 14. Bf2 $5 (14.
Be3) 14... Nc5 15. Rab1 Qb8 16. Rfd1 Rc8 17. Bf1 Rc7 18. Re1 Rd7 19. Nd5 Bxd5
20. exd5 Bf6 21. h4 Qf8 22. Rbc1 Qg7 23. Rc2 Rc7 24. g4 e5 25. g5 Be7 26. f4
$16 {1-0 Tsesarsky,I-Fleish,F/Rishon-Le-Zion 1991 (36)}) 13. Be3 a5 14. b3 Nc5
15. Rab1 Qb6 (15... e6 $2 16. Nb5 Be5 (16... Bxb5 17. cxb5 $16) 17. Bg5 $1 Qb8
(17... Qb6 18. Kh1 Bxb5 (18... f6 19. Be3 $16) 19. cxb5 $16) 18. Be7 $16 {
1-0 Tsesarsky-Fleish/Rishon-Le-Zion 1995 (33)}) 16. Rfc1 (16. Nb5 Rfc8 17. Rfc1
Qd8 18. Nd4 Qf8 19. Rd1 h5 20. a3 Bd7 21. b4 axb4 22. axb4 Ne6 23. Nb3 Ra3 24.
Qc1 Ra4 25. Na5 $132 {1/2-1/2 Tsesarsky-Afek/Hod Hasharon 1995 (65)}) 16...
Rfc8 17. Rc2 Qd8 18. Bf1 Qf8 (18... Be5 19. a3 Qf8 (19... Be8 20. b4 axb4 21.
axb4 Na4 22. Ne2 Nb6 $132 {- Wojtkiewicz,A-Bischoff,K/Altensteig 1995/CBM 49})
20. Nd5 Bxd5 21. exd5 Qg7 22. b4 axb4 23. axb4 Na4 24. Rb3 b6 25. Ra3 $16 {
Khalifman,A-Hracek,Z/Pardubice 1994/CBM 42/[Boensch,U]/0-1 (70)}) (18... b6 19.
a3 Ra7 20. Qf2 Rca8 21. b4 axb4 22. axb4 Nd7 23. Nd5 Rb8 24. Rbc1 Ra3 25. Qd2
Rba8 26. Qf2 $132 {- Schulz,M-Taylor,G/Canadian op 1997/EXP 60 (28)}) 19. a3 (
19. Nd5 Qd8 20. Bg5 Bxd5 21. cxd5 (21. exd5 $14) 21... Qb6 22. Be3 Qb4 23. Qxb4
axb4 24. Bd2 (24. Bc4 Ra5 25. a4 Bc3 (25... bxa3 26. b4 $18) 26. Bb5 $14) 24...
Bd4+ 25. Kh1 Rc7 26. Rbc1 Rac8 27. Rc4 Bb2 28. R1c2 Ba3 29. Kg1 (29. Bxb4 Bxb4
30. Rxb4 $16) 29... Ra8 30. Rd4 Nxb3 $1 31. Rxc7 Nxd4 32. Be3 e5 33. dxe6 Nxe6
34. Rxb7 Rc8 35. Bh6 (35. h4 $2 h5 36. Bd2 Rc2 37. Bxb4 Bxb4 38. Rxb4 Rxa2 {
1/2-1/2 Kaminski,M-Petursson,M/Linares op 1995}) 35... Nd8 36. Rd7 Ne6 37. Ba6
$16) 19... f5 (19... h5 20. b4 axb4 21. axb4 Na4 22. Ne2 Kh7 23. Nd4 Bd7 24.
Rbc1 Qh8 25. g3 Nb6 26. c5 dxc5 27. bxc5 Na4 28. Qb4 Nxc5 29. Rxc5 Rxc5 30.
Qxc5 Rc8 31. Qxe7 Rxc1 32. Qxd7 $18 {1-0 Yoos,J-Taylor,G/CAN-ch 1996/EXT 97 
(46)}) 20. b4 axb4 21. axb4 Ne6 22. exf5 gxf5 (22... Qxf5 23. Re1 $14) 23. b5
Bd7 24. Nd5 $14 Ra3 (24... Rd8 25. Re1 (25. Nb6 Ra3 26. Re1 Rxe3 27. Rxe3 Bd4
28. Nxd7 Qh6 $1 29. f4 (29. Rcc3 f4 $19) 29... Qxf4 $17) 25... Ra3 26. Qb4 $14)
25. Re1 Rxe3 $4 (25... Rd8 26. Bf2 $14) 26. Nxe3 $18 Nd4 27. Ra2 Qf7 (27... Ra8
28. Rxa8 Qxa8 29. Qb4 (29. Nd5 e6 30. Nf4 Qd8 31. Ne2 Nxe2+ 32. Bxe2 Qb6+ 33.
Kh1 $18) 29... Qa2 30. Nd5 $18) 28. Kh1 (28. Bd3 $6 Nxb5 $1 29. Nd5 (29. cxb5
$2 Bc3 30. Qe2 (30. Bc4 Rxc4 31. Ra8+ Kg7 32. Qd3 Bxe1 33. Nxc4 Bxb5 34. Qd4+
Qf6 $17) 30... Bxe1 31. Nxf5 Bxf5 32. Bxf5 Qxf5 33. Qxe1 $11) 29... e6 30. cxb5
exd5 31. Kh1 $16) 28... h5 29. Ra7 Rb8 (29... Nb3 30. Qd5 Nc5 31. Qxf7+ Kxf7
32. g3 $18) 30. Qa2 e5 31. Ra8 (31. Qa3 Bf8 32. Qa5 Be6 33. Qb6 f4 34. Nd5 Bxd5
35. cxd5 Nc2 (35... Qxd5 36. Qc7 $18) 36. Rc1 $18) 31... Rf8 32. Rxf8+ Bxf8 33.
Nd5 (33. Qf2 $18) 33... Be6 34. f4 $1 Bg7 (34... exf4 35. Nxf4 $18) 35. fxe5
dxe5 36. Qa8+ (36. Be2 Nxb5 37. Bxh5 Qxh5 38. cxb5 Qf7 39. Rd1 $18) 36... Kh7
37. Qd8 $2 (37. Ne3 f4 38. Bd3+ Kh6 39. Nd5 Bxd5 40. cxd5 Qxd5 41. Be4 Qxb5 42.
Qg8 $18) 37... Nxb5 $16 38. cxb5 Bxd5 39. Rc1 $5 (39. Rd1 Be6 (39... Be4 40.
Rd6 (40. Rd7 Qg6 (40... Qe6 41. Rd6 Qf7 42. Qg5 $18) 41. Qe7 f4 42. Qd6 (42.
Qxe5 Bxg2+ 43. Kg1 Bc6+ $19) 42... Qxd6 43. Rxd6 $16) (40. Bd3 Bxd3 (40... Bf6
41. Qd6 Bxd3 42. Qxd3 Kg6 43. Qd7 e4 (43... Qb3 44. Rf1 f4 45. Qxb7 $18) 44.
Qxf7+ Kxf7 45. Rd7+ Ke6 46. Rxb7 e3 47. Kg1 $18) 41. Rxd3 Qa2 42. Qd7 $16)
40... f4 41. Bd3 Bxd3 42. Rxd3 Qf5 $16) 40. Rd6 e4 41. Be2 Be5 42. Bxh5 Qxh5
43. Qe7+ Bg7 44. Qxe6 $18) 39... Be4 40. Bd3 $6 (40. Bc4 Qf6 41. Qg8+ (41. Bg8+
Kh8 42. Qxf6 Bxf6 43. Bf7 h4 $14) 41... Kh6 42. Rd1 Qg6 43. Rd2 Bf6 44. Qxg6+
Kxg6 45. Bd5 $16) 40... Bxd3 $8 41. Qxd3 e4 $5 (41... h4 $6 42. Qd8 h3 43. gxh3
Qh5 44. Qd5 Qxh3 (44... e4 45. Rf1 $18) 45. Qg2 Qe3 46. Rg1 $16) 42. Qc4 Qd7 (
42... Qxc4 43. Rxc4 b6 44. g3 Be5 (44... Bf8 45. Rc6 Bc5 46. Rxc5 $18) 45. Rc6
$16) 43. Qe2 (43. g3 Kg6 44. Kg2 h4 $14) 43... Kg6 44. Rd1 Qc7 45. Qd2 Be5 46.
Qd5 Qe7 $5 (46... h4 $5 47. Qe6+ (47. b6 Qe7 48. Qd7 Kf6 $1 49. Rd5 Qb4 50.
Qd8+ Kg6 $132) 47... Kg5 48. b6 Qc5 49. Qg8+ Kf6 50. Qh7 $16) 47. g3 e3 $2 (
47... Kg5 48. h4+ Kg6 (48... Kg4 49. Kg2 $18) 49. Kg2 $16) 48. Qd3 $18 Bc7 (
48... Bb8 49. Kg2 h4 50. Re1 Ba7 51. Rf1 Qg5 52. Qd6+ $18) 49. Kg2 (49. b6 $1
e2 50. Re1 Bxb6 51. Rxe2 Qf6 52. Qd5 Qa1+ 53. Kg2 Qg1+ 54. Kh3 Qf1+ 55. Rg2 Ba7
56. Kh4 $18) 49... h4 50. Re1 Bb6 51. g4 Qg5 (51... Qe4+ 52. Qxe4 fxe4 53. h3
Kg5 54. Rf1 e2 55. Re1 Kf4 56. Rxe2 e3 57. Rc2 Bd4 58. Rc4 Ke4 59. Ra4 $18) 52.
Qd6+ Kg7 53. Qe5+ Kg6 54. Qe6+ Kg7 55. Qxf5 Qe7 56. Re2 Bc5 57. g5 b6 58. Kh3
Qe8 59. g6 (59. Kxh4 $18) 59... Qe7 60. Qf7+ Qxf7 61. gxf7 Kxf7 62. Kxh4 Ke6
63. Kg4 Kd5 64. h4 Ke4 65. h5 Bf8 66. Ra2 Bg7 67. Kg3 Be5+ 68. Kg2 Bg7 69. Ra4+
Kd3 70. Kf3 e2 71. Re4 1-0

[Event "Clarin GP final"]
[Site "Villa Gesell"]
[Date "1998.03.10"]
[Round "4"]
[White "Ginzburg, Maximiliano"]
[Black "Soppe, Guillermo"]
[Result "1-0"]
[WhiteElo "2470"]
[BlackElo "2455"]
[Annotator "Tsesarsky,I"]
[PlyCount "77"]
[EventDate "1998.03.07"]
[EventType "tourn"]
[EventRounds "11"]
[EventCountry "ARG"]
[EventCategory "10"]
[SourceTitle "CBM 064"]
[Source "ChessBase"]
[SourceDate "1998.06.02"]
[SourceVersion "1"]
[SourceVersionDate "1998.06.02"]
[SourceQuality "1"]

1. e4 c5 2. Nf3 Nc6 3. d4 cxd4 4. Nxd4 g6 5. c4 Bg7 6. Be3 Nf6 7. Nc3 O-O 8.
Be2 b6 9. O-O Bb7 10. f3 Qb8 11. Qd2 Rd8 12. Ndb5 (12. Rfd1 Nh5 (12... e6 13.
Bf4 (13. Ndb5 $14) 13... Ne5 14. Qe3 Nxc4 15. Bxc4 e5 16. Bg3 exd4 17. Rxd4 d6
18. Rad1 $16 {1/2-1/2 Undrahbuyan,B-Canela,T/Novi Sad olw MON-ESP 1990 (64)}) (
12... d6 13. Qe1 (13. Nxc6 Bxc6 14. Nd5 Rd7 15. Rac1 e6 16. Nxf6+ Bxf6 17. Bf4
Be5 18. Bxe5 dxe5 19. Qc3 Qc7 20. Rxd7 Bxd7 21. Rd1 Be8 22. Qd2 $14 {1/2-1/2
Herrera,I-Georgiev,V/32nd ol, Yerevan ARM 1996 (40)}) (13. Rac1 Rd7 14. Bf1 Qf8
15. Nxc6 Bxc6 16. Nd5 Ne8 17. b4 Rad8 18. b5 Ba8 19. a4 e6 20. Nb4 $14 {
1/2-1/2 Belle,E-Berendsen,R/Dutch Open, Dieren NED 1997 (40)}) 13... Rd7 14.
Qh4 (14. Rab1 Qf8 15. Kh1 Rad8 16. Ncb5 (16. b4 $14) 16... Nxd4 17. Nxd4 Nh5
18. Bf1 $14 {Nielsen,P-Moldovan,D/Mamaia Wch-jr 1991/0-1 (50)}) 14... Qf8 15.
Ndb5 Ne8 16. Rac1 Bf6 17. Qf2 e6 18. f4 Rad8 19. Rd2 Nc7 20. Rcd1 Nxb5 21. Nxb5
Qe7 22. Bf3 $14 {1-0 Brodsky,M-Moldovan,D/Bucharest Ciocaltea 1994 (32)}) 13.
Bf1 h6 14. Rac1 Kh7 15. Qf2 g5 16. g3 e6 17. Nxc6 Bxc6 18. Nb5 $14 {Gunnarsson
Jon Viktor-Jonasson Benedikt/Ch Iceland Gardabaer (Iceland) 1996/0-1 (58)}) (
12. Rac1 d6 13. Nd5 Rd7 14. Nxc6 Bxc6 15. Bg5 Qf8 16. Nxf6+ Bxf6 (16... exf6
17. Bf4 Rad8 18. Rfd1 $14 {1/2-1/2 Bradianu,I-Mindras,C/ROM-chJW Singeorz 1993
(46)}) 17. Bxf6 exf6 18. Rc3 Rad8 19. Bd1 Qe7 20. Bc2 Qe5 21. b4 $14 {Miulescu,
G-Moldovan,D/Bucuresti 1991/0-1 (55)}) (12. Rad1 d6 13. Qe1 Rd7 14. Qh4 Qf8 15.
Kh1 (15. b3 Rad8 16. Nd5 Nxd4 17. Bxd4 Nxd5 18. exd5 e5 19. dxe6 fxe6 20. Bxg7
(20. f4 Be4 21. Bg4 (21. Qe1 d5 $132 {David,V-Ceteras,M/Bucuresti 1991/0-1 (47)
}) 21... Bxd4+ 22. Rxd4 Bf5 23. Re1 Re8 24. Bf3 $14) 20... Qxg7 21. Bd3 $14)
15... Rad8 16. Rd2 Nxd4 17. Bxd4 Ne8 18. Bxg7 Nxg7 19. f4 f5 20. Bf3 $14 {
1/2-1/2 Kramnik,V-Moldovan,D/Arnhem Ech-jr 1991 (44)}) 12... d6 13. Nd5 (13.
Rfd1 Rd7 14. Rac1 Qf8 15. Bf1 Rad8 16. Qf2 e6 17. Nd4 Ne5 18. h3 Qe7 19. b3 d5
20. f4 Neg4 21. hxg4 Nxg4 22. Qg3 Nxe3 23. Qxe3 dxe4 24. Nc2 f5 25. b4 e5 26.
g3 exf4 27. gxf4 Rxd1 28. Rxd1 Rxd1 29. Nxd1 Bh6 30. Nf2 Qd6 31. Nh3 Bf8 32.
Be2 Bc6 33. Ng5 h6 34. c5 bxc5 35. Bc4+ Bd5 36. Qb3 hxg5 37. Bxd5+ Kg7 {
Georgiev,K-Morovic Fernandez,I/Novi Sad olm BLG-CHI 1990/1/2-1/2 (51)}) 13...
Rd7 14. Rad1 (14. Bg5 Ne8 15. f4 e6 16. Ne3 a6 17. Nc3 h6 18. Bh4 Nd4 19. Bd3
Bc6 20. f5 g5 21. Ng4 Qd8 (21... gxh4 22. f6 h5 23. Nh6+ Bxh6 24. Qxh6 Qa7 25.
e5 Nf5 26. Rxf5 exf5 27. Bxf5 b5+ 28. Kh1 Bxg2+ 29. Kxg2 $18) 22. fxe6 (22. f6
Nxf6 23. Nxh6+ Bxh6 24. Bxg5 Nxe4 25. Nxe4 Bxg5 26. Nxg5 f5 27. Rae1 (27. Nxe6
Nxe6 28. Bxf5 Re7 29. Rad1 Ng7 $15) 27... Rg7 28. h4 (28. Nxe6 Nxe6 29. Rxe6
Bxg2 30. Qxg2 $15 {0-1 Psakhis,L-Georgiev,V/Benasque op 1996 (55)}) 28... Qf6
29. b4 $132) 22... fxe6 23. Bf2 h5 24. Bb1 e5 25. Ne3 $14) 14... Qf8 15. Nxf6+
(15. Bg5 Ne8 $132) 15... Bxf6 16. f4 $14 Rdd8 (16... Rad8 17. b4 $14 (17. e5 $2
dxe5 18. Qxd7 Rxd7 19. Rxd7 Qb8 $15)) 17. Nc7 (17. b4 $14) 17... Rac8 18. Nd5
Bg7 19. f5 (19. b3 $14) 19... Ne5 (19... Qe8 20. b3 $14) 20. b3 Qe8 (20... Rd7
21. Bg5 $14) 21. Bg5 Bxd5 (21... f6 22. Be3 $14) 22. exd5 $16 Qd7 23. Rf2 $1 (
23. f6 $2 exf6 24. Bxf6 Bxf6 25. Rxf6 Re8 $132) 23... Rf8 (23... a6 24. Rdf1
$16) 24. Rdf1 Qc7 (24... a6 25. a4 $16) 25. a4 $1 Rce8 26. h4 Kh8 (26... gxf5
27. Rxf5 e6 28. R5f2 $16) 27. Kh1 (27. fxg6 fxg6 28. h5 Rxf2 29. Rxf2 Kg8 $14)
27... Qd8 28. h5 gxh5 (28... a6 29. Qe3 $16) 29. Bxh5 Bf6 (29... Nd7 30. Bd1
$16) 30. Bf4 (30. Bxf6+ $2 exf6 31. Qh6 Rg8 32. Rf4 Rg7 $132) 30... Qd7 31. g4
(31. Bd1 $2 Rg8 $132) 31... Rg8 $6 (31... Bg7 32. Qe3 Rc8 33. Rh2 $16) 32. Rg2
$6 $16 (32. Bxe5 Bxe5 33. Bxf7 Rxg4 34. Qh6 $1 $18) 32... Rg7 33. Bh6 (33. g5
$5 Qxf5 $1 34. Qe2 Reg8 35. Rg3 Bxg5 36. Bxg5 Qc8 $16) 33... Rgg8 34. Be3 Bg7 (
34... Rg7 35. g5 $18) (34... Rc8 35. g5 Bg7 36. Bd4 $18) 35. g5 Bf8 36. Bd4 $18
Rg7 37. Qe3 (37. Rh2 Rd8 38. Qf4 $18) 37... Rd8 38. Qh3 Kg8 39. Rf4 $2 (39. Rf4
$2 f6 40. Qh4 fxg5 41. Rxg5 Qc7 42. f6 exf6 43. Rxf6 Qe7 44. Rg3 Rd7 $16) (39.
Qh4 Kh8 (39... f6 40. gxf6 exf6 41. Qxf6 $18) 40. g6 f6 (40... fxg6 41. fxg6
$18) 41. Rh2 $18) 1-0